Statistics for Countries That Have Bordered Yugoslavia

Click here to take the quiz!

General Stats

  • This quiz has been taken 17 times
  • The average score is 7 of 8

Answer Stats

Countries% Correct
Albania
100%
Bulgaria
100%
Greece
100%
Hungary
100%
Italy
100%
Romania
100%
Austria
93%
Nazi Germany
40%

Score Distribution

Percentile by Number Answered

Percent of People with Each Score

Your Score History

You have not taken this quiz